Български език и литература (Запис номер 126094)
[ съкратено ]
| 000 -Лидер | |
|---|---|
| Контролно поле с фиксирана дължина | 02473nam a2200481 c 4500 |
| 003 - Код на организацията, давaща контролен номер | |
| Контролно поле | BLK |
| 005 - Дата и час на последна редакция | |
| Контролно поле | 20230407030354.0 |
| 008 - Елементи от данни с фиксирана дължина | |
| fixed length control field | 180409b bul|||||r ||||||| ||bul|| |
| 010 ## - Наследен системен номер | |
| LC control number | KNG00131773000 |
| 020 ## - Международен стандартен номер на книга ISBN | |
| Международен стандартен номер на книга ISBN | 978-954-01-2508-4 |
| -- | издат.: Просвета - на том(ч. 1) |
| 040 ## - Източник на каталожния запис | |
| Идентификатор на билиотеката - собственик на записа | BLK |
| 041 ## - Код за език | |
| Код за езика на текст/звукозапис или на отделно заглавие | Български |
| Код за езика КДБФ | Български |
| 072 #7 - Код за тематичната категория | |
| Код организация | bullib |
| Код за тематична категория | Н82 |
| Текст | Литературознание Н |
| 072 #7 - Код за тематичната категория | |
| Код организация | bullib |
| Код за тематична категория | Н372 |
| Текст | Учебни предмети. Учебници Н |
| 080 ## - УДК | |
| Текстов определител УДК | Българска литература |
| УДК код - определител по УДК | 821.163.2 |
| УДК определител | (075.3) |
| УДК - код + определител | 821.163.2(075.3) |
| 139 ## - Редно поле | |
| Редна дума | Български език и литература |
| Авторски знак | Бъл - Б 92 |
| 245 10 - Сведения за заглавието | |
| Заглавие | Български език и литература |
| Подзаглавни данни | Ч. 1 - За том: ХІ кл. |
| Редно поле (дума) | авт. на том Владимир Атанасов Атанасов; съавт. на том Ангел Малинов; * Ангел Малинов Йорданов. |
| Том | Ч. 1 |
| Заглавие на том | Литература |
| 257 ## - Страна на издаване | |
| Страна на създаване/издаване | България |
| 260 ## - Област на издателските данни | |
| -- | София |
| Година на издаване | 2011 - |
| Печатница | София : ПК Д. Благоев |
| 300 ## - Физическа характеристика | |
| Размери/Мащаб | 24 см |
| 380 ## - Жанр | |
| Жанр | Литературознание |
| 490 1# - СЕРИИ (Колекции) | |
| Име на серия | Всичко за матурата |
| 500 ## - Общи забележки | |
| Забележка | Пълното име на втория авт. е Ангел Малинов Йорданов. |
| 650 #4 - Допълнително описание по предмет – тема | |
| Основно описание – тема или топоним | Български език - учебници за средни училища |
| 9 (RLIN) | 246721 |
| 650 #4 - Допълнително описание по предмет – тема | |
| Основно описание – тема или топоним | Българска литература - учебници за средни училища |
| 9 (RLIN) | 242481 |
| 653 ## - Ключова дума – ненормативна | |
| Ключова дума | български език |
| 653 ## - Ключова дума – ненормативна | |
| Ключова дума | българска литература |
| 653 ## - Ключова дума – ненормативна | |
| Ключова дума | матури |
| 653 ## - Ключова дума – ненормативна | |
| Ключова дума | зрелостни изпити |
| 653 ## - Ключова дума – ненормативна | |
| Ключова дума | учебници за средни училища |
| 653 ## - Ключова дума – ненормативна | |
| Ключова дума | кандидат-студенти |
| 653 ## - Ключова дума – ненормативна | |
| Ключова дума | ХІ кл. |
| 659 ## - Тематичен бюлетин | |
| Тематичен бюлетин | Н |
| 700 1# - Други автори (авторска отговорност) | |
| Лично име | Атанасов, Владимир Атанасов |
| Автороска отговорност (Описва отношението между автора и произведението) | авт. на том |
| 9 (RLIN) | 364026 |
| 700 1# - Други автори (авторска отговорност) | |
| Лично име | Малинов, Ангел |
| Автороска отговорност (Описва отношението между автора и произведението) | съавт. на том |
| Друга информация | Йорданов, Ангел Малинов |
| 9 (RLIN) | 364847 |
| 700 1# - Други автори (авторска отговорност) | |
| Лично име | Йорданов, Ангел Малинов |
| Автороска отговорност (Описва отношението между автора и произведението) | * |
| 9 (RLIN) | 319839 |
| 760 1# - Описание на основната серия | |
| -- | - на том(ч. 1) |
| Място на издаване, издател и година | Просвета, 2011 |
| Страници - том | 319 с. : с портр. |
| Забележка - том | Библиогр. след отд. раздели. - Съдържа и Речник на литературните термини. |
| Заглавие | Ч. 1 Литература |
| 852 ## - Местоположение | |
| Форматна сигнатура | Цб 255618 |
| 856 4# - Електронен адрес и достъп | |
| Електронен формат | pdf - файл |
| Път до файла /url/ | |
| 856 4# - Електронен адрес и достъп | |
| Електронен формат | pdf - файл |
| Път до файла /url/ | |
| 942 ## - АРТИКУЛИ | |
| Вид на библиотечния материал | Книги |
| Скрит в OPAC | Не |
| Koha issues (borrowed), all copies | 10 |
| 944 ## - СЪЗДАВАНЕ И РЕДАКЦИЯ на ЗАПИСА | |
| Създаване/Редакция | Създаване |
| Дата на регистрацията/редакция | 27.06.2012 |
| Статус, дата на статуса | ф / |
| Служител, извършил регистрацията/редакцията | Виолета_Тройчева |
| 944 ## - СЪЗДАВАНЕ И РЕДАКЦИЯ на ЗАПИСА | |
| Създаване/Редакция | Редакция |
| Дата на регистрацията/редакция | 18.12.2012 |
| Статус, дата на статуса | ф / |
| Служител, извършил регистрацията/редакцията | |
| 999 ## - СИСТЕМНИ КОНТРОЛНИ НОМЕРА | |
| Koha biblionumber | 126094 |
| Koha biblioitemnumber | 126094 |
| Код за отписване | Код за изгубен артикул | Код за повреда | Коз за рестрикции | Код за отдаване | Артикулен № | Име на библиотеката - собственик | Име на библиотеката, в която се намира в момента | Статус (Текущо местоположение) | Дата на вписване в системата | Местоположение - отдел | Цена в лева | Инвентарен номер | Систематично азбучна сигнатура | Баркод | Номер на екземпляра | Цена в евро | Служебна бележка | Служебен тип на артикула | Източник на класификационната схема |
|---|---|---|---|---|---|---|---|---|---|---|---|---|---|---|---|---|---|---|---|
| Не е изгубен | Не е повреден | без рестрикции | ползва се в читалня | 205131 | Регионална библиотека "Любен Каравелов" Русе | Регионална библиотека "Любен Каравелов" Русе | Хранилище | 2012-06-27 | Хранилище | 8.90 | 120000758707 | Цб 255618 | 120000758707 | 1 | 4.55 | Дост: Dp Вид: Д N: 22 Дата: 01.06.2011 | Книги | ||
| Не е изгубен | Не е повреден | без рестрикции | заемане за дома | 205132 | Регионална библиотека "Любен Каравелов" Русе | Регионална библиотека "Любен Каравелов" Русе | Заемна - подръчен фонд | 2012-11-25 | Заемна - подръчен фонд | 8.90 | 120000761543 | 821.163.2.09/Б 92 | 120000761543 | 2 | 4.55 | Дост: Pk Вид: Ф N: 321 Дата: 19.11.2012 Дата инв: 09.02.2018 Бележки инв: П2018 | Книги | Universal Decimal Classification | |
| Не е изгубен | Не е повреден | без рестрикции | заемане за дома | 205133 | Регионална библиотека "Любен Каравелов" Русе | Регионална библиотека "Любен Каравелов" Русе | Заемна - подръчен фонд | 2012-12-12 | Заемна - подръчен фонд | 6.23 | 120000762171 | 821.163.2.09/Б 92 | 120000762171 | 3 | 3.19 | Дост: Pk Вид: Ф N: 7107 Дата: 05.12.2012 | Книги | Universal Decimal Classification |